The Encyclopedia of the Novel / (Record no. 95023)

MARC details
000 -LEADER
campo de control de longitud fija 01791nam a2200229 i 4500
001 - NÚMERO DE CONTROL
campo de control 116595
005 - FECHA Y HORA DE LA ÚLTIMA TRANSACCIÓN
campo de control 20230410142411.0
008 - DATOS DE LONGITUD FIJA--INFORMACIÓN GENERAL
campo de control de longitud fija 140804s2014 mau reib 001 0 eng d
020 ## - NÚMERO INTERNACIONAL ESTÁNDAR DEL LIBRO
Número Internacional Estándar del Libro 9781118723890 (pbk.)
245 04 - MENCIÓN DEL TÍTULO
Título The Encyclopedia of the Novel /
Mención de responsabilidad, etc. edited by Peter Melville Logan; Associate Editors: Olakunle George, Susan Hegeman, and Efraín Kristal
250 ## - MENCION DE EDICION
Mención de edición 1ª ed.
260 ## - PUBLICACIÓN, DISTRIBUCIÓN, ETC.
Lugar de publicación, distribución, etc. Malden, MA :
Nombre del editor, distribuidor, etc. Wiley-Blackwell,
Fecha de publicación, distribución, etc. 2014
300 ## - DESCRIPCIÓN FÍSICA
Extensión xx, 773 p.
500 ## - NOTA GENERAL
Nota general Includes biographical references and index.
520 ## - RESUMEN, ETC.
Sumario, etc. This advanced reference resource for the novel and novel theory offers authoritative accounts of the history, terminology, and genre of the novel. Comprising over 140 articles ranging from 500 to 7,000 words, the Encyclopedia explores topics including the history and tradition of the novel in differnet areas of the world; formal elements of the novel (story, plot, character, narrator); technical aspects of the genre (such as realism, narrative structure and style); subgenres, including the bildungsroman and the graphic novel; theoretical problems, such as definitios of the novel; history of the book; and the novel's relationship to other artes and disciplines. The Encyclopedia is arranged in A-Z format and features entries from an international cast of scholars, overseen by an advisory board of 37 leading specialists in the field, making this the most authoritaive reference resource available on the novel. Now available in an easy-to-use, fully indexed single volume paperback, it will be a vital addition to the libraries of literature students and scholars everywhere.
700 1# - ENTRADA AGREGADA--NOMBRE PERSONAL
Nombre de persona Melville Logan, Peter
700 1# - ENTRADA AGREGADA--NOMBRE PERSONAL
Nombre de persona George, Olakunle
700 1# - ENTRADA AGREGADA--NOMBRE PERSONAL
Nombre de persona Hegeman, Susan
700 1# - ENTRADA AGREGADA--NOMBRE PERSONAL
Nombre de persona Kristal, Efraín
942 ## - ELEMENTOS DE ENTRADA SECUNDARIOS (KOHA)
Fuente del sistema de clasificación o colocación Clasificación de Library of Congress
Tipo de ítem Koha
946 ## - PROCESAMIENTO DE INFORMACIÓN LOCAL (OCLC)
a JaaM
Holdings
Estatus retirado Estado de pérdida Fuente del sistema de clasificación o colocación Estado de daño No para préstamo Colección Biblioteca de origen Biblioteca actual Ubicación en estantería Fecha de adquisición Código de barras Visto por última vez Copia número Tipo de ítem Koha
    Clasificación de Library of Congress     Oficina Leonel Fernández Biblioteca Juan Bosch Biblioteca Juan Bosch Colección 6to. Piso 10/04/2023 00000109266 17/11/2018 1